| Tag |
First Indicator |
Second Indicator |
Subfields |
| LEADER |
00000cam a2200000 a 4500 |
| 001 |
in00002334621 |
| 005 |
20180817101644.0 |
| 008 |
060721s2006 nyua 000 0 eng |
| 010 |
|
|
|a 2006931423
|
| 015 |
|
|
|a GBA674741
|2 bnb
|
| 016 |
7 |
|
|a 013541868
|2 Uk
|
| 020 |
|
|
|a 9780764135248 (pbk.)
|
| 020 |
|
|
|a 0764135244 (pbk.)
|
| 035 |
|
|
|a (OCoLC)ocm71239135
|
| 035 |
|
|
|a (OCoLC)71239135
|
| 040 |
|
|
|a DLC
|c DLC
|d UKM
|d BAKER
|d VP@
|d BTCTA
|d UtOrBLW
|
| 043 |
|
|
|a e-dk---
|
| 049 |
|
|
|a TXAM
|
| 050 |
0 |
0 |
|a PR2807
|b .A25 2006
|
| 082 |
0 |
0 |
|a 822.3/3
|2 22
|
| 100 |
1 |
|
|a Shakespeare, William,
|d 1564-1616.
|
| 240 |
1 |
0 |
|a Hamlet
|
| 245 |
1 |
0 |
|a William Shakespeare's The tragedy of Hamlet, Prince of Denmark /
|c edited by Christina Lacie ; illustrated by Michele Earle-Bridges.
|
| 246 |
1 |
4 |
|a Hamlet
|
| 264 |
|
1 |
|a Hauppauge, N.Y. :
|b Barron's,
|c [2006]
|
| 264 |
|
4 |
|c ©2006
|
| 300 |
|
|
|a vii, 69 pages :
|b illustrations ;
|c 25 cm.
|
| 336 |
|
|
|a text
|b txt
|2 rdacontent
|
| 337 |
|
|
|a unmediated
|b n
|2 rdamedia
|
| 338 |
|
|
|a volume
|b nc
|2 rdacarrier
|
| 490 |
1 |
|
|a Picture this! Shakespeare series
|
| 600 |
0 |
0 |
|a Hamlet
|c (Legendary character)
|v Drama.
|
| 650 |
|
0 |
|a Kings and rulers
|x Succession
|v Drama.
|
| 650 |
|
0 |
|a Murder victims' families
|v Drama.
|
| 650 |
|
0 |
|a Fathers
|x Death
|v Drama.
|
| 650 |
|
0 |
|a Princes
|v Drama.
|
| 650 |
|
0 |
|a Revenge
|v Drama.
|
| 651 |
|
0 |
|a Denmark
|v Drama.
|
| 700 |
1 |
|
|a Lacie, Christina.
|
| 700 |
1 |
|
|a Earle-Bridges, Michele.
|
| 830 |
|
0 |
|a Picture this! Shakespeare series.
|
| 938 |
|
|
|a Baker & Taylor
|b BKTY
|c 7.99
|d 5.99
|i 0764135244
|n 0006772678
|s active
|
| 948 |
|
|
|a cataloged
|b h
|c 2007/9/26
|d c
|e ceaton
|f 6:59:28 am
|
| 994 |
|
|
|a C0
|b TXA
|
| 999 |
|
|
|a MARS
|
| 999 |
f |
f |
|s 27f4f907-ac6d-3a92-8f6c-075ba52b2b34
|i 83093ff8-fd71-3639-bae0-5e1dff23f847
|t 0
|
| 952 |
f |
f |
|p normal
|a Texas A&M University
|b College Station
|c Sterling C. Evans Library
|d Evans: Library Stacks
|t 0
|e PR2807 .A25 2006
|h Library of Congress classification
|i unmediated -- volume
|m A14836367592
|
| 998 |
f |
f |
|a PR2807 .A25 2006
|t 0
|l Evans: Library Stacks
|